| 000 | 00413nam a2200181Ia 4500 | ||
|---|---|---|---|
| 008 | 210210b1954 xxu||||| |||| 00| 0 eng d | ||
| 041 | _aeng | ||
| 082 | _a829/60 | ||
| 100 | _aBASSO (H) | ||
| 245 | _aView from Pompeys head | ||
| 260 |
_aNew York _bDoubleday and Company _c1954 |
||
| 650 | _aView | ||
| 650 | _aPompeys | ||
| 650 | _ahead | ||
| 650 | _afrom | ||
| 690 | _aEnglish Fiction | ||
| 906 | _a016670 | ||
| 999 |
_c136327 _d136327 |
||